Mikä ruoka tai juoma puuttuu biisistä? - Statistics

Yleistilastot
  • Tätä visaa on pelattu 144 kertaa
    108 viimeisimmän päivityksen jälkeen
  • Keskiarvotulos 14 / 49
Vastaustilastot
Hint Vastaus % Oikein
Kotiseudulle Pohjois-Karjalaan Juon ______ auringon nousuun Leevi and the Leavings Pohjois-Karjala Kaljaa
76%
Rankka viikko ja paljon pitkii päiviä takan Mielenkiintona ____ ______ ja rata Cha cha cha Käärijä Pina colada
73%
Ollaan ihan hiljaa, saat kaataa Mun napaan ________ Paula Vesala Tequilaa
70%
_____ laimeeta, tänäkin aamuna Mitähän sulle mahtaa kuulua Sanni 2080-luvulla Kahvi
69%
Tarjolla on sitä kiellettyä ________ Se mikä tapahtuu täällä se tänne jää Erika Vikman Syntisten pöytä Hedelmää
66%
Enkä pelkääkään tätä maailmaa Niinku cha cha cha Kun mä kaadan päälleni __________ Cha cha cha Käärijä Samppanjaa
65%
Niin minä sinua vaan Vaik _____ loppuis, _______ Yksi pysyis kuitenkin Minä sinua vaan Jenni Vartiainen Minä sinua vaan leipä, vesikin
61%
Kyl tääl tarkenee Ville on limanuljaska herää himan nurkasta Vanha _____ haisee nenään naapurit alkanu taas riitelemää Sukset välil lipsuu mut ladult me ei poistuta JVG Tarkenee Pizza
60%
Tehtaat voi ovensa sulkea Mun puutarhas on __________ kaikille Mikael Gabriel Riippumatto Mansikoita
58%
Mä tiesin että enkelit On kieroja kuin ________ Chisu Sabotage Rinkelit
57%
Tosi kiva maksaa tellit, lellit Sähkö, puhelin, ______, ______ Antti Tuisku Rahan takii Puurot, vellit
55%
Kun et kaipaa sääliä etkä saarnaa Tai et jaksa täydellisyyden taakkaa Tule luoksemme, _____ on jo murrettu Erika Vikman Syntisten pöytä Leipä
53%
Istun huoltsikal, ja olo tuntuu runnellulta Ei maistu aamukahvi, ei maistu _____ Erika Vikman& Käärijä Ruoska Pulla
48%
Meil on ________ ja karnevaalit Meil on ________ ja kasvomaalit JVG Huominen on huomenna Sangriaa, tequilaa
46%
Jos haluut testaa mua yhen kerran vaan Mulla on mesta mihin mennä Siellä on kaapissa pari _______ Sanni Vahinko Coronaa
44%
Sun takia mä pyörin pilvis Join kyllä myös pullon ______ Aliisa Syrjä & Robin Leijonanruokaa Viinii
38%
Laulut kertoo vapaudest _____ vie sut vangikseen Nopsajalka Lupaan olla Viini
35%
Puhua ois hyvä Mut sanat niinku _______ kurkkuun takertuu Juha Tapio Tykkään susta niin että halkeen Pähkinä
33%
Mullekin tarjoiltiin ______ Arabian kupeista Mira Luoti Sunnuntain hesari Kahvia
30%
Darraa ei oo, ku ei ehi tulla __________ ja täält taas tullaa Vähä jäissä, pienissä häissä JVG Häissä Kebabrulla
30%
Ja sun ostoskorissa vain yksi purkki ______ Mikko Harju Sinä riität Maitoa
28%
Jossakin biitsillä kaukana täältä Me _______ kädessä relattaisiin Antti Tuisku Rahan takii Mojitot
28%
Kun sä pistät ovet kii Jää ___________ vitriiniin Ei ne meille mitään voi Vesterinen yhtyeineen Kohti sydänpeltoja Dallaspulla
27%
______ kaipaa moni janoinen suu ja _____________pöydän viereen kuin huomaamatta hakeutuu. Leevi and the Leavings Laura Jenna Ellinoora Alexandra Camilla Jurvanen Kahvia, voileipäkakku
25%
Luonto tarjoo makeintaan Ja sillon pitää maistaa ________ Jukka Poika Papaijaa
24%
Sun ikioman perheen kaa joudut jakaa ___________ Ei ne ymmärrä sua ikinä ku oot outolintu Nikke Ankara Rikkinäinen prinsessa Joulukinkun
22%
Se oli antelias kiero ku ankerias Tavallaa kohtelias, mut mun kaveria Sit vaivuin masennukseen ja mussutin vaan ________ Mikael Gabriel Ykspuolista rakkautta Näkkärii
22%
Viltin päällä ulkona _____ ja onnea Erin On elämä laina Mehua
19%
Tuli lama ja me kaikesta riideltiin Voi raha rakkautta painaa Ennen _____________ mutsia kiiteltiin Arttu Wiskari Kun me diskossa suudeltiin Näkkileivästä
19%
Avasin siinä olutpullon Sanoit: "Hei, _____________ mul on" Matka Koivukylään tunnin kesti Arttu Wiskari Nokkahuilu Juustonaksuja
18%
Sulle _________ teen Vaikka päivämäärä On ohi ajanut jo niistäkin Arttu Wiskari Kahvimaito Munakkaan
16%
_________ mun paidalla Herään keittiön lattialta Mun ruudulla Sun kuvia Sanni Vahinko Popcornia
15%
Ja illat halvasta _________ kostuneet Naapurit valittaa Kaija Koo Hullut päivät Skumpasta
15%
Ei ollut laukussa ______ ja ______ Vaan passi ja hieman kahisevaa Arttu Wiskari Kuningaslohi Leipää, piimää
12%
Suusi kurlasit _____ _____ Lähdit luotani aamuun taksil Arttu Wiskari Nokkahuilu Pepsi Maxil
12%
Siel on naapurit portilla Ja mä vien niille _________ Mikael Gabriel Naapurit kuulee Tortillaa
10%
Luksusta Kuksasta Nuotio ________ Jukka Poika Souda kesämies Kaffetta
9%
Vapaapäivä, _________ ei auta mitään Kolmenkin kupin jälkeen väsyttää PMMP Joku raja Pikakahvi
9%
Vaikka olis kuinka helvetin sitkee mut suomalaisen Miehen kyyneleet, huuhtoutuu ________ sano mun sanoneen Faija Suomalaisen miehen kyyneleet Kossulla
8%
Mä oon vapaata riistaa Ja sä makeeta ________ Jukka Poika Nektaria
8%
Niinku ________________ __________ Sovin kanssasi samoihin lakanoihin Arttu Wiskari Elämän kova koulu Karjalanpiirakka, munavoihin
7%
Sä oot Minttu mun _______ Mä oon Ville sua vallottamas Jukka Poika Mojitos
7%
Ajat vakavia, ei rauhaa vaa anarkiaa Edes ________, ei oo enää ________ Mikael Gabriel & Juha Tapio Kompassi Banaani, banaania
6%
Nyt tuijotan sun naamaa mun korkkitaulussa Suunnitelmaa hautoessa syön _________ Alisa Syrjä Sydämetön Donitseja
6%
Auta armias lasti jos myöhästyy, aina kuskissa kaikkeen on syy ____________, rahtariliitosta turha oottaa on kiitosta Portion Boys Näihin hommiin ei synnytä Lihapiirakka
4%
Fiiliksen saa ylös __________ (niin se on) Tääl ei tuomita sun erehdyksii Leuka rintaan, kohti uusii pettymyksii Faija Sama suunta Lonkerolla
3%
Talo tarjoo ________ Eletäänhän kerran vaan Frans Harju Lupaan etten koskaan mene pois Kuohuvaa
1%
Ne koittaa mut kaataa Ja nyt ne shownsa saavat Mitä yks _______ lisää Maija Vilkkumaa& Alisa Syrjä Mulle ei sovi tänään Martini
1%
Koulusta saavut, annat suukkoja leipojalle Sun silmäsi nauraa kun syöt __________ Mira Luoti Hopeinen tussi Mokkapalaa
1%
Ehtoja vastaavia visoja ei löytynyt
Tulosjakauma
Jokaisen tuloksen saaneiden osuus
Persentiili vastausten määrän mukaan
Tuloshistoriasi
Et ole pelannut tätä visaa sen viimeisimmän päivityksen jälkeen